00647nam a2200205 a 4500008004100000020002200041245009800063260003600161300004400197504004100241500002000282650002400302650002500326700002400351700002000375700001900395003000100414005001700415040000900432  a1841842273 (pbk.)10aHandbook of contact dermatitis /cedited by Mathias Gebhadt, Peter Elsner and James G. Marks. aLondon :bMartin Dunitz,c2000. aix, 262 p. :bill.(some col.) ;c24 cm. aIncludes bibliographical references. aIncludes index. aContact Dermatitis. aDermatitis, Contact. aMatthias, Gebhardt. aMarks, James G. aElsner, Peter.20230123133922.0 cNUST